Australian Procurement and Construction Council (Record no. 120035)

MARC details
000 -LEADER
fixed length control field 00961cam a2200217 4500
001 - CONTROL NUMBER
control field WS117996
008 - FIXED-LENGTH DATA ELEMENTS--GENERAL INFORMATION
fixed length control field 020516n 000 0 eng u
035 ## - SYSTEM CONTROL NUMBER
System control number (Sirsi) u117996
110 ## - MAIN ENTRY--CORPORATE NAME
Corporate name or jurisdiction name as entry element Australian Procurement and Construction Council
9 (RLIN) 4239
245 ## - TITLE STATEMENT
Title Australian Procurement and Construction Council
520 ## - SUMMARY, ETC.
Summary, etc. Web site for this council of Australian government departments responsible for procurement and construction policy for the Australian commonwealth, state and territory governments and the New Zealand government. Includes details of publications and a list of organisations responsible for government tenders and procurement.
650 ## - SUBJECT ADDED ENTRY--TOPICAL TERM
Topical term or geographic name entry element AUSTRALIA
650 ## - SUBJECT ADDED ENTRY--TOPICAL TERM
Topical term or geographic name entry element INTERNATIONAL
650 ## - SUBJECT ADDED ENTRY--TOPICAL TERM
Topical term or geographic name entry element GOVERNMENT
650 ## - SUBJECT ADDED ENTRY--TOPICAL TERM
Topical term or geographic name entry element Procurement-old
650 ## - SUBJECT ADDED ENTRY--TOPICAL TERM
Topical term or geographic name entry element TENDERING
650 ## - SUBJECT ADDED ENTRY--TOPICAL TERM
Topical term or geographic name entry element ELECTRONIC PROCUREMENT
690 ## - LOCAL SUBJECT ADDED ENTRY--TOPICAL TERM (OCLC, RLIN)
Topical term or geographic name as entry element BUILT ENVIRONMENT
856 40 - ELECTRONIC LOCATION AND ACCESS
Uniform Resource Identifier <a href="https://www.apcc.gov.au">https://www.apcc.gov.au</a>
Public note View the website free of charge at www.apcc.gov.au...
942 ## - ADDED ENTRY ELEMENTS (KOHA)
Suppress in OPAC 0
Holdings
Withdrawn status Lost status Source of classification or shelving scheme Damaged status Not for loan Home library Current library Shelving location Date acquired Total Checkouts Full call number Barcode Date last seen Copy number Price effective from Koha item type
    Dewey Decimal Classification     Virtual Virtual Online 16/05/2002   WEB SITE 117996-2001 06/08/2019 1 06/08/2019 Online material